000
00310nam a22001337a 4500
008
171031b xxu||||| |||| 00| 0 eng d
020
_a
9780028146362
041
_a
eng
080
_a
330.113
100
_a
58
101
_a
BUS
245
_a
UNDERSTANDING BUSINESS AND PERSONAL LAW
_c
GLENCOE
942
_2
udc
_c
BK
999
_c
36731
_d
36731